| 000 | 00731cam a22002175a 4500 | ||
|---|---|---|---|
| 001 | L149935 | ||
| 008 | 100518e2010 xxk 000 0 eng d | ||
| 035 | _a(Sirsi) u149935 | ||
| 041 | 0 | _aeng | |
| 050 | _a690.241 $2 18 | ||
| 100 | 1 | _aForster, Alan | |
| 245 | 0 | 0 |
_aMaintenance for historic buildings _ba current perspective |
| 260 | _c2009 | ||
| 490 |
_aStructural Survey _v27(3) 210-229(19) |
||
| 520 | _aMajor issues affecting maintenance implementation; considers reasons why the combination of proactive and reactive maintenance is rarely followed through in practice. | ||
| 590 | _aKA | ||
| 651 | 4 | _aUnited Kingdom | |
| 690 | _aBUILT ENVIRONMENT-SUSTAINABLE CONSTRUCTION | ||
| 700 | 1 | _aKayan, Brit | |
| 942 |
_n0 _2ddc |
||
| 999 |
_c82339 _d82339 |
||